[Event "ROM-ch U10 Girls"]
[Site "Calimanesti"]
[Date "2015.04.02"]
[Round "5"]
[White "Iorga, Maria Irina"]
[Black "Csurka, Noemi"]
[Result "1-0"]
[WhiteElo "1001"]
[BlackElo "1038"]
[PlyCount "57"]
[EventDate "2015.03.30"]
[EventType "swiss"]
[EventRounds "9"]
[EventCountry "ROU"]
[SourceTitle "CBM 165 Extra"]
[Source "ChessBase"]
[SourceDate "2015.04.21"]
[SourceVersion "1"]
[SourceVersionDate "2015.04.21"]
[SourceQuality "1"]

1. e4 e5 2. Nf3 d6 3. Nc3 Nc6 4. d3 Nf6 5. Bg5 h6 6. Bxf6 Qxf6 7. Qd2 Qf4 8. Qxf4 exf4 9. Nd5 Rb8 10. 0-0-0 g5 11. h3 Be6 12. Nxc7+ Ke7 13. Nxe6 fxe6 14. h4 g4 15. Nd2 f3 16. gxf3 gxf3 17. Nxf3 Nb4 18. a3 Nc6 19. d4 e5 20. dxe5 dxe5 21. Bb5 Ke6 22. Rhg1 Bc5 23. Bxc6 bxc6 24. Rg6+ Ke7 25. Rxc6 Bxf2 26. Nxe5 Be3+ 27. Kb1 Rhc8 28. Rd7+ Ke8 29. Rxc8+ 1-0

[Event "ROM-ch U10 Girls"]
[Site "Calimanesti"]
[Date "2015.03.30"]
[Round "1"]
[White "Csurka, Noemi"]
[Black "Stan, Luciana Gabriela"]
[Result "0-1"]
[WhiteElo "1038"]
[BlackElo "1503"]
[PlyCount "34"]
[EventDate "2015.03.30"]
[EventType "swiss"]
[EventRounds "9"]
[EventCountry "ROU"]
[SourceTitle "CBM 165 Extra"]
[Source "ChessBase"]
[SourceDate "2015.04.21"]
[SourceVersion "1"]
[SourceVersionDate "2015.04.21"]
[SourceQuality "1"]

1. e4 c6 2. Nc3 d5 3. f3 d4 4. Na4 e5 5. d3 b5 6. Nc5 Bxc5 7. Rb1 Bb4+ 8. c3 dxc3 9. bxc3 Bxc3+ 10. Bd2 Bd4 11. Ne2 Bb6 12. Ng3 Ne7 13. Bb4 a5 14. Bxe7 Qxe7 15. Nf5 Bxf5 16. exf5 Qc5 17. Rc1 Qf2# 0-1

[Event "ROM-ch U08 Girls"]
[Site "Calimanesti"]
[Date "2014.04.08"]
[Round "3"]
[White "Ciocan, Ariana Roxana"]
[Black "Csurka, Noemi"]
[Result "1-0"]
[WhiteElo "1001"]
[BlackElo "1007"]
[PlyCount "45"]
[EventDate "2014.04.06"]
[EventType "swiss"]
[EventRounds "9"]
[EventCountry "ROU"]
[SourceTitle "CBM 160 Extra"]
[Source "ChessBase"]
[SourceDate "2014.07.01"]
[SourceVersion "1"]
[SourceVersionDate "2014.07.01"]
[SourceQuality "1"]

1. e4 e5 2. Nf3 Nc6 3. Bc4 Nf6 4. Ng5 Rg8 5. Bxf7+ Ke7 6. Bxg8 Nxg8 7. Qf3 h6 8. Qf7+ Kd6 9. d3 Nf6 10. Qc4 hxg5 11. Bxg5 Qe8 12. 0-0 Na5 13. Qb4+ c5 14. Qxa5 b6 15. Qd2 Be7 16. Nc3 b5 17. Qe3 b4 18. Na4 Bb7 19. Qxc5+ Ke6 20. Qc4+ Kd6 21. d4 a5 22. d5 Ng4 23. Qc5# 1-0